Southville International School and Colleges
Your cart is empty.
  • Cart
  • Lists
    Public lists Eva Luna New books Lux_list list_1
    Your lists Log in to create your own lists
  • Log in to your account
  • Your cookies
  • Search history
Southville International School and Colleges
  • Advanced search
  • Recent comments
  • Most popular
  • Libraries

Log in to your account

Log in with GOOGLE


If you do not have an external account, but do have a local account, you can still log in:

  1. Home
  2. MARC view: Biomedical applications of introductory physics /
Normal view MARC view ISBD view

Biomedical applications of introductory physics / (Record no. 284018)

[ view plain ]
MARC details
000 -LEADER
fixed length control field 01096cam a22003134a 4500
001 - CONTROL NUMBER
control field 12518937
003 - CONTROL NUMBER IDENTIFIER
control field PILC
005 - DATE AND TIME OF LATEST TRANSACTION
control field 20150519092648.0
008 - FIXED-LENGTH DATA ELEMENTS--GENERAL INFORMATION
fixed length control field 010829s2002 nyua b 001 0 eng
010 ## - LIBRARY OF CONGRESS CONTROL NUMBER
LC control number 2001046683
020 ## - INTERNATIONAL STANDARD BOOK NUMBER
International Standard Book Number 9812530614
040 ## - CATALOGING SOURCE
Original cataloging agency DLC
Transcribing agency DLC
Modifying agency DLC
042 ## - AUTHENTICATION CODE
Authentication code pcc
050 00 - LIBRARY OF CONGRESS CALL NUMBER
Classification number QH 505
Item number .T875 2002
082 00 - DEWEY DECIMAL CLASSIFICATION NUMBER
Classification number 571.4
100 1# - MAIN ENTRY--PERSONAL NAME
Personal name Tuszynski, J. A.
245 10 - TITLE STATEMENT
Title Biomedical applications of introductory physics /
Statement of responsibility, etc Jack A. Tuszynski, John M. Dixon.
260 ## - PUBLICATION, DISTRIBUTION, ETC. (IMPRINT)
Place of publication, distribution, etc New York :
Name of publisher, distributor, etc John Wiley & Sons, Inc.,
Date of publication, distribution, etc 2002.
300 ## - PHYSICAL DESCRIPTION
Extent ix, 358 pages :
Other physical details illustrations ;
Dimensions 26 cm.
500 ## - GENERAL NOTE
General note Includes bibliographical references and index.
650 #0 - SUBJECT ADDED ENTRY--TOPICAL TERM
Topical term or geographic name as entry element Biophysics.
650 #0 - SUBJECT ADDED ENTRY--TOPICAL TERM
Topical term or geographic name as entry element Medical physics.
650 #0 - SUBJECT ADDED ENTRY--TOPICAL TERM
Topical term or geographic name as entry element Physics.
700 1# - ADDED ENTRY--PERSONAL NAME
Personal name Dixon, J. M.
Fuller form of name (John M.)
856 41 - ELECTRONIC LOCATION AND ACCESS
Materials specified Table of contents
Uniform Resource Identifier <a href="http://www.loc.gov/catdir/toc/wiley021/2001046683.html">http://www.loc.gov/catdir/toc/wiley021/2001046683.html</a>
906 ## - LOCAL DATA ELEMENT F, LDF (RLIN)
a 7
b cbc
c orignew
d 1
e ocip
f 20
g y-gencatlg
942 ## - ADDED ENTRY ELEMENTS (KOHA)
Source of classification or shelving scheme Library of Congress Classification
Koha item type Books
Call number prefix Foreign
Holdings
Withdrawn status Lost status Source of classification or shelving scheme Damaged status Home library Current library Shelving location Date acquired Source of acquisition Sub Shelving location Total Checkouts Full call number Barcode Date last seen Price effective from Koha item type
    Library of Congress Classification   College Library College Library General Circulation Section 05/19/2015 Library Fund     QH 505 .T875 2002 C19327 05/15/2018 05/19/2015 Books

Biomedical applications of introductory physics /

APA

Tuszynski J. A., Dixon J. M., . (2002). Biomedical applications of introductory physics. New York: John Wiley & Sons, Inc.

Chicago

Tuszynski J A, Dixon J M, . 2002. Biomedical applications of introductory physics. New York: John Wiley & Sons, Inc.

Harvard

Tuszynski J. A., Dixon J. M., . (2002). Biomedical applications of introductory physics. New York: John Wiley & Sons, Inc.

MLA

Tuszynski J A, Dixon J M, . Biomedical applications of introductory physics. New York: John Wiley & Sons, Inc. 2002.

  • Place hold
  • Print
  • Cite
  • Add to your cart (remove)
  • Save record
    BIBTEX Dublin Core MARCXML MARC (non-Unicode/MARC-8) MARC (Unicode/UTF-8) MARC (Unicode/UTF-8, Standard) MODS (XML) RIS
  • More searches
    Search for this title in:
    Other Libraries (WorldCat) Other Databases (Google Scholar) Online Stores (Bookfinder.com) Open Library (openlibrary.org)

Exporting to Dublin Core...

SOUTHVILLE LIBRARY

Southville International School and Colleges Library

1281 Tropical Ave. Cor. Luxembourg St., BF Homes International, Las Pinas City

Tel. No. 8256374 / 252358 Loc. 117/146

Powered by Koha